000 00718nam a22001817a 4500
005 20240530110334.0
008 140903s1982 ua b g 000 0 ara d
040 _aEG-CaGPL
082 0 4 _221
_a953.0711
_bع ع
100 0 0 _aعبدالعزيز فيلالى
245 1 2 _aالعلاقات السياسية بين الدولة الاموية فى الاندلس ودول المغرب /
_cعبدالعزيز فيلالى
250 _aط2
260 _aالجزائر :
_bالمؤسسة الوطنية للكتاب ،
_c1982
300 _a318 ص ؛
_c24 سم
650 0 7 _aالدولة الاموية فى الاندلس
650 0 7 _aالدولة الاموية
_xالعلاقات الخارجية
942 _2ddc
_cBK
999 _c59764
_d59764